| 000 | 01055cam a2200265 a 4500 | ||
|---|---|---|---|
| 001 | 11980032 | ||
| 005 | 20250127192827.0 | ||
| 008 | 000419s2001 ohuabk 001 0 eng | ||
| 020 | _a0324015720 (alk. paper) | ||
| 050 | 0 | 0 |
_aKF1600 _b.C76 2001 |
| 082 | 0 | 0 |
_a346.7307 _221 |
| 100 | 1 | _aCross, Frank B. | |
| 245 | 1 | 0 |
_aWest's legal environment of business : _btext, cases, ethical, regulatory, international, and e-commerce issues / _cFrank B. Cross, Roger LeRoy Miller. |
| 250 | _a4th ed. | ||
| 260 |
_aCincinnati, Ohio : _bWest/Thomson Learning, _cc2001. |
||
| 300 |
_a1 v. (various pagings) : _bill. (some col.), col. maps, forms ; _c26 cm. |
||
| 500 | _aAccompanied by: Online legal research guide (28 p.) which also accompanies West's business law, 8th ed. | ||
| 500 | _aTwo folded sheets laid in. | ||
| 500 | _aIncludes index. | ||
| 650 | 0 |
_aIndustrial laws and legislation _zUnited States. |
|
| 650 | 0 |
_aTrade regulation _zUnited States. |
|
| 650 | 0 |
_aCommercial law _zUnited States. |
|
| 700 | 1 | _aMiller, Roger LeRoy. | |
| 942 |
_2lcc _cBK _n0 |
||
| 999 |
_c3116 _d3116 |
||